[Event "34th European Club Cup 2018"]
[Site "Halkidiki"]
[Date "2018.10.15"]
[Round "4"]
[White "Ivanisevic, Ivan"]
[Black "Admiraal, Miguoel"]
[Result "1/2-1/2"]
[WhiteElo "2583"]
[BlackElo "2491"]
[Annotator "TA"]
[PlyCount "167"]
[EventDate "2018.10.12"]
[EventType "team-tourn"]
[EventCountry "GRE"]
[SourceTitle "playchess.com"]
[Source "ChessBase"]
[SourceQuality "1"]
[WhiteTeam "Sloven Ruma"]
[BlackTeam "Deloitte"]

1. e4 c6 2. d4 d5 3. e5 Bf5 4. h4 h6 5. g4 Bd7 6. h5 c5 7. c3 Nc6 8. Na3 cxd4 9. cxd4 Qb6 10. Nc2 Nb4 11. Ne3 Bb5 12. a3 Bxf1 13. Kxf1 Nc6 14. Ne2 e6 15. b4 Nge7 16. Bb2 f6 17. Rc1 fxe5 18. dxe5 g5 19. Nd4 Nxd4 20. Bxd4 Qa6+ 21. Kg2 Bg7 22. Rc7 Rc8 23. Rxc8+ Nxc8 24. Qc2 O-O 25. Rc1 Ne7 26. Bc5 Rc8 27. Qb1 Qc6 28. b5 Qd7 29. Bd6 Rxc1 30. Qxc1 Nc8 31. Bb8 d4 32. Nf1 Nb6 33. Qc5 Nd5 34. Nd2 d3 35. Bd6 Qf7 36. Qc8+ Kh7 37. Qc4 Kg8 38. Kg1 Nf4 39. f3 Qd7 40. a4 Qd8 41. Qc7 Qxc7 42. Bxc7 Nd5 43. Bd6 Nc3 44. Kf2 Nxa4 45. Ne4 Nb6 46. Ke3 Nd7 47. Kd4 a6 48. bxa6 bxa6 49. Nd2 Nb6 50. Kxd3 Kf7 51. Kd4 Nd5 52. Nc4 Nf4 53. Kc5 Nd3+ 54. Kd4 Nf4 55. Na5 Ne2+ 56. Kd3 Nf4+ 57. Kc4 Ke8 58. Nc6 Ne2 59. Kc5 Nf4 60. Kb6 Nd3 61. Kxa6 Ne1 62. Nd4 Kd7 63. Kb5 Nd3 64. Nc6 Ne1 65. Nd4 Nd3 66. Nb3 Nxe5 67. Bxe5 Bxe5 68. Nc5+ Kd6 69. Kc4 Bg7 70. Nd3 Bf6 71. Nf2 Ke5 72. Kd3 Be7 73. Ke2 Bf8 74. Nd3+ Kd4 75. Nf2 Ke5 76. Ne4 Be7 77. Nd2 Kd4 78. Ne4 Ke5 79. Ke3 Bd8 80. Kd3 Kf4 81. Ke2 Be7 82. Nf2 Ke5 83. Nd3+ Kd4 84. Nf2 1/2-1/2

[Event "34th European Club Cup 2018"]
[Site "Halkidiki"]
[Date "2018.10.15"]
[Round "4"]
[White "Mikhalevski, Victor"]
[Black "Guseinov, Gadir"]
[Result "1/2-1/2"]
[WhiteElo "2565"]
[BlackElo "2667"]
[Annotator "TA"]
[PlyCount "85"]
[EventDate "2018.10.12"]
[EventType "team-tourn"]
[EventCountry "GRE"]
[SourceTitle "playchess.com"]
[Source "ChessBase"]
[SourceQuality "1"]
[WhiteTeam "Beer Sheva"]
[BlackTeam "Odlar Yurdu"]

1. d4 g6 2. Nf3 Bg7 3. g3 Nf6 4. Bg2 O-O 5. O-O d6 6. b3 c5 7. Bb2 cxd4 8. Nxd4 d5 9. c4 dxc4 10. bxc4 Qb6 11. Qc1 Bd7 12. c5 Qc7 13. Na3 Nc6 14. Nb3 Rac8 15. Bc3 Rfd8 16. Nc4 Be6 17. Nca5 Bd5 18. Bh3 e6 19. Nxc6 Qxc6 20. Qb2 Ne8 21. Bxg7 Nxg7 22. Rfc1 Qa4 23. Qe5 b6 24. Qe3 Nf5 25. Bxf5 exf5 26. cxb6 axb6 27. Rxc8 Rxc8 28. Nd4 Re8 29. Qd2 Bb7 30. Rb1 Rd8 31. Rb4 Qa5 32. f3 h5 33. Kf2 Kh7 34. Qb2 Qc5 35. e3 Ba6 36. Rxb6 Qc4 37. Ne2 Rd1 38. Rb8 f6 39. Rb4 Qxe2+ 40. Qxe2 Bxe2 41. Kxe2 Rh1 42. Rb7+ Kh6 43. h4 1/2-1/2

[Event "34th European Club Cup 2018"]
[Site "Halkidiki"]
[Date "2018.10.15"]
[Round "4"]
[White "David, Alberto"]
[Black "Csonka, Attila Istvan"]
[Result "1-0"]
[WhiteElo "2561"]
[BlackElo "2353"]
[Annotator "TA"]
[PlyCount "135"]
[EventDate "2018.10.12"]
[EventType "team-tourn"]
[EventCountry "GRE"]
[SourceTitle "playchess.com"]
[Source "ChessBase"]
[SourceQuality "1"]
[WhiteTeam "Padova"]
[BlackTeam "Dunajska Streda"]

1. e4 c5 2. Nf3 e6 3. g3 Nc6 4. Bg2 Nge7 5. O-O d6 6. c3 g6 7. d4 Bg7 8. dxc5 dxc5 9. Qe2 O-O 10. Na3 a6 11. Be3 b6 12. Nc4 a5 13. Rfd1 Qc7 14. a4 Ba6 15. Bf1 Rfd8 16. Qc2 Bxc4 17. Bxc4 Ne5 18. Nxe5 Bxe5 19. Rxd8+ Rxd8 20. Rd1 Nc8 21. Rxd8+ Qxd8 22. Qd3 Qxd3 23. Bxd3 Kf8 24. Ba6 Ne7 25. Kf1 Nc6 26. Ke2 Ke7 27. Kd3 Kd6 28. f4 Bg7 29. e5+ Kc7 30. Bb5 Bf8 31. Ke4 h5 32. h3 Bh6 33. Bf2 Bf8 34. Kf3 Be7 35. g4 hxg4+ 36. Kxg4 Bf8 37. Kg5 Bg7 38. h4 Kb7 39. Be1 Kc7 40. Bf2 Kb7 41. h5 gxh5 42. Kxh5 Kc7 43. Bh4 Nd8 44. Be7 Nc6 45. Bg5 Bf8 46. Bh6 Be7 47. Bg7 c4 48. Bxc4 Bc5 49. Kg4 Be3 50. Bf8 Bc1 51. Bd6+ Kd8 52. Kg5 Bxb2 53. Kf6 Bc1 54. Kxf7 Bxf4 55. Kxe6 Bg5 56. Bd3 Ne7 57. c4 Nc8 58. Bf8 Bh4 59. Bg7 Bf2 60. Bf6+ Kc7 61. Kf7 Bc5 62. Bf5 Nd6+ 63. exd6+ Bxd6 64. Ke6 Bc5 65. Be5+ Kb7 66. Kd7 Bb4 67. Be4+ Ka7 68. Kc8 1-0

[Event "34th European Club Cup 2018"]
[Site "Halkidiki"]
[Date "2018.10.15"]
[Round "4"]
[White "Naumann, Alexander"]
[Black "Taylor, Adam C"]
[Result "1/2-1/2"]
[WhiteElo "2546"]
[BlackElo "2321"]
[Annotator "ChessBase"]
[PlyCount "78"]
[EventDate "2018.10.12"]
[EventType "team-tourn"]
[EventCountry "GRE"]
[SourceTitle "playchess.com"]
[Source "ChessBase"]
[SourceQuality "1"]
[WhiteTeam "Solingen"]
[BlackTeam "Wood Green"]

1. e4 e5 2. Nf3 Nc6 3. Bb5 Nf6 4. d3 Bc5 5. Nbd2 Nd4 6. Nxd4 Bxd4 7. c3 Bb6 8. d4 c6 9. dxe5 cxb5 10. exf6 Qxf6 11. Nf3 d6 12. Qd3 Bd7 13. Be3 Bxe3 14. Qxe3 O-O 15. O-O Rfe8 16. Rfe1 Bc6 17. Qd4 Qg6 18. Nh4 Qg5 19. g3 Qe5 20. Nf5 d5 21. exd5 Qxf5 22. dxc6 bxc6 23. Qxa7 h5 24. Rxe8+ Rxe8 25. h4 g5 26. hxg5 h4 27. Qc7 hxg3 28. Qxg3 Re4 29. f3 Re2 30. Re1 Rxb2 31. Re8+ Kg7 32. Qe5+ Qxe5 33. Rxe5 Rxa2 34. Rc5 Rc2 35. f4 f6 36. gxf6+ Kxf6 37. Rxc6+ Kf5 38. Rc5+ Kxf4 39. Rxb5 Rxc3 1/2-1/2

[Event "34th European Club Cup 2018"]
[Site "Halkidiki"]
[Date "2018.10.15"]
[Round "4"]
[White "Christiansen, Johan-Sebastian"]
[Black "Lenaerts, Lennert"]
[Result "1-0"]
[WhiteElo "2541"]
[BlackElo "2362"]
[Annotator "TA"]
[PlyCount "61"]
[EventDate "2018.10.12"]
[EventType "team-tourn"]
[EventCountry "GRE"]
[SourceTitle "playchess.com"]
[Source "ChessBase"]
[SourceQuality "1"]
[WhiteTeam "Valerenga"]
[BlackTeam "Aachen"]

1. e4 e5 2. Nf3 Nc6 3. Bb5 g6 4. d4 exd4 5. c3 a6 6. Bxc6 dxc6 7. cxd4 Bg7 8. Nc3 Ne7 9. h3 Be6 10. O-O O-O 11. Bf4 h6 12. Qd2 g5 13. Be5 f6 14. Bh2 f5 15. exf5 Bxf5 16. Ne5 Ng6 17. Rfe1 Re8 18. Qe3 c5 19. Qf3 cxd4 20. Qxf5 Nxe5 21. Bxe5 Rxe5 22. Rxe5 Bxe5 23. Qxe5 dxc3 24. Qxc3 Qd6 25. Qb3+ Kg7 26. Qxb7 Rf8 27. Rc1 Rf7 28. Qc6 Qd4 29. Qc3 Qxc3 30. Rxc3 Rd7 31. g3 1-0

[Event "34th European Club Cup 2018"]
[Site "Halkidiki"]
[Date "2018.10.15"]
[Round "4"]
[White "Handke, Florian"]
[Black "Grandelius, Nils"]
[Result "1/2-1/2"]
[WhiteElo "2536"]
[BlackElo "2655"]
[Annotator "TA"]
[PlyCount "97"]
[EventDate "2018.10.12"]
[EventType "team-tourn"]
[EventCountry "GRE"]
[SourceTitle "playchess.com"]
[Source "ChessBase"]
[SourceQuality "1"]
[WhiteTeam "Aachen"]
[BlackTeam "Valerenga"]

1. e4 c6 2. d4 d5 3. Nd2 dxe4 4. Nxe4 Nf6 5. Nxf6+ exf6 6. c3 Bd6 7. Bd3 O-O 8. Qc2 Re8+ 9. Ne2 h5 10. O-O h4 11. Bf4 Na6 12. h3 Nc7 13. Bxd6 Qxd6 14. Rfe1 Ne6 15. Rad1 Bd7 16. Qd2 Rad8 17. Bb1 Bc8 18. Qd3 Nf8 19. Qf3 g6 20. Nf4 Kg7 21. Nd3 Ne6 22. Bc2 Re7 23. Qe4 Rh8 24. Nf4 Kf8 25. Nxe6+ Bxe6 26. Re3 Bd5 27. Qd3 Rh5 28. Rxe7 Qxe7 29. Bb3 Bxb3 30. axb3 Rg5 31. c4 Qe6 32. d5 cxd5 33. cxd5 Qd6 34. Qd4 Kg7 35. b4 Qd7 36. Rd3 Re5 37. d6 Re6 38. Qxa7 Rxd6 39. Rxd6 Qxd6 40. Qxb7 Qd1+ 41. Kh2 Qd6+ 42. g3 hxg3+ 43. fxg3 Qd2+ 44. Qg2 Qxb4 45. Qc2 g5 46. Qc3 Qb6 47. Kg2 Qb7+ 48. Kf2 Qh1 49. g4 1/2-1/2

[Event "34th European Club Cup 2018"]
[Site "Halkidiki"]
[Date "2018.10.15"]
[Round "4"]
[White "Noe, Christopher"]
[Black "Corvi, Marco"]
[Result "1-0"]
[WhiteElo "2530"]
[BlackElo "2316"]
[Annotator "ChessBase"]
[PlyCount "81"]
[EventDate "2018.10.12"]
[EventType "team-tourn"]
[EventCountry "GRE"]
[SourceTitle "playchess.com"]
[Source "ChessBase"]
[SourceQuality "1"]
[WhiteTeam "Echternach"]
[BlackTeam "Lazio ASD"]

1. d4 Nf6 2. c4 g6 3. Nc3 Bg7 4. e4 d6 5. Nf3 O-O 6. Be2 c5 7. d5 e6 8. O-O Re8 9. dxe6 Bxe6 10. Bf4 Qb6 11. Qc2 Nc6 12. Rad1 Rad8 13. Rfe1 h6 14. h3 a6 15. Be3 Qa5 16. Qc1 Kh7 17. Bf4 Nd4 18. Nxd4 cxd4 19. Rxd4 Nh5 20. Be3 Nf4 21. Bf1 g5 22. Rd2 Be5 23. a3 Rc8 24. b4 Qd8 25. Nd5 Bxd5 26. exd5 Qf6 27. Qc2+ Kg7 28. Rc1 h5 29. c5 g4 30. c6 gxh3 31. g3 Ng6 32. Bxh3 Rc7 33. Qf5 Qe7 34. Bb6 h4 35. Bxc7 Qxc7 36. Qd7 Qb6 37. Qxe8 hxg3 38. c7 gxf2+ 39. Rxf2 Bg3 40. Qxf7+ Kh6 41. c8=Q 1-0

[Event "34th European Club Cup 2018"]
[Site "Halkidiki"]
[Date "2018.10.15"]
[Round "4"]
[White "Demuth, Adrien"]
[Black "Lindberg, Bo"]
[Result "1-0"]
[WhiteElo "2529"]
[BlackElo "2379"]
[Annotator "TA"]
[PlyCount "109"]
[EventDate "2018.10.12"]
[EventType "team-tourn"]
[EventCountry "GRE"]
[SourceTitle "playchess.com"]
[Source "ChessBase"]
[SourceQuality "1"]
[WhiteTeam "KGSRL"]
[BlackTeam "Team Viking"]

1. d4 Nf6 2. c4 e6 3. Nc3 Bb4 4. e3 b6 5. Nf3 Bb7 6. Bd3 O-O 7. O-O d5 8. cxd5 exd5 9. a3 Bd6 10. b4 a6 11. Qb3 Qe7 12. Ra2 Nbd7 13. Re2 Ne4 14. Nxd5 Bxd5 15. Qxd5 Nc3 16. Qc6 Nxe2+ 17. Bxe2 Nf6 18. Bd3 a5 19. e4 axb4 20. axb4 Bxb4 21. e5 Nd7 22. Ng5 f5 23. Bb5 Rad8 24. Ne6 h6 25. Nxd8 Rxd8 26. Qxc7 Kh8 27. Bb2 f4 28. Qb7 Qe6 29. Qc6 Qb3 30. Qc7 Rf8 31. Qxd7 Qxb2 32. e6 Qa3 33. f3 Qe3+ 34. Kh1 Ra8 35. Qd5 Rc8 36. Qe4 Rc1 37. Qxe3 Rxf1+ 38. Bxf1 fxe3 39. Bc4 Kh7 40. Kg1 Kg6 41. Kf1 Kf6 42. Ke2 Bd2 43. d5 Ke7 44. f4 Bc1 45. Kf3 Bd2 46. Ke4 Kf6 47. Be2 Bc1 48. h4 Bd2 49. g4 Be1 50. g5+ Ke7 51. f5 hxg5 52. hxg5 Bd2 53. f6+ gxf6 54. g6 f5+ 55. Kd3 1-0

[Event "34th European Club Cup 2018"]
[Site "Halkidiki"]
[Date "2018.10.15"]
[Round "4"]
[White "Babula, Vlastimil"]
[Black "Salomon, Johan"]
[Result "1-0"]
[WhiteElo "2522"]
[BlackElo "2477"]
[Annotator "TA"]
[PlyCount "95"]
[EventDate "2018.10.12"]
[EventType "team-tourn"]
[EventCountry "GRE"]
[SourceTitle "playchess.com"]
[Source "ChessBase"]
[SourceQuality "1"]
[WhiteTeam "Bremen"]
[BlackTeam "Nordstrand"]

1. d4 Nf6 2. c4 e6 3. Nc3 Bb4 4. e3 O-O 5. Nge2 Re8 6. a3 Bf8 7. Ng3 d5 8. Be2 b6 9. cxd5 exd5 10. O-O c5 11. dxc5 bxc5 12. Nh5 Nxh5 13. Bxh5 Ba6 14. Re1 Nc6 15. Bf3 Ne5 16. Bxd5 Rb8 17. e4 Qh4 18. h3 Rb6 19. Re3 Rg6 20. Ne2 Bxe2 21. Qxe2 c4 22. b4 Bd6 23. Bd2 Bc7 24. Bxc4 Bb6 25. Bd5 Bxe3 26. Qxe3 Nd7 27. Rc1 Nb6 28. Bc6 Rd8 29. Bb5 Rgd6 30. Bc3 Re6 31. f3 Nd5 32. Be1 Qf6 33. Qxa7 Nf4 34. Qc7 Red6 35. Bf1 h6 36. Kh2 Rd1 37. Bg3 g5 38. Bf2 Qb2 39. Rxd1 Rxd1 40. Bc4 Qf6 41. Be3 Ng6 42. b5 Ne5 43. b6 Nxf3+ 44. gxf3 Qxf3 45. Bxf7+ Qxf7 46. Qxf7+ Kxf7 47. Bc5 Ke6 48. b7 1-0

[Event "34th European Club Cup 2018"]
[Site "Halkidiki"]
[Date "2018.10.15"]
[Round "4"]
[White "Stojanovic, Mihajlo"]
[Black "Roobol, Martin"]
[Result "1/2-1/2"]
[WhiteElo "2522"]
[BlackElo "2243"]
[Annotator "TA"]
[PlyCount "94"]
[EventDate "2018.10.12"]
[EventType "team-tourn"]
[EventCountry "GRE"]
[SourceTitle "playchess.com"]
[Source "ChessBase"]
[SourceQuality "1"]
[WhiteTeam "Itaka"]
[BlackTeam "Leiden"]

1. d4 Nf6 2. c4 g6 3. g3 Bg7 4. Bg2 O-O 5. Nc3 d6 6. Nf3 c6 7. O-O Qa5 8. e4 Bg4 9. h3 Bxf3 10. Bxf3 e5 11. Be3 exd4 12. Bxd4 Nbd7 13. Bg2 Ne5 14. c5 Rfd8 15. Qb3 Nfd7 16. cxd6 Nc5 17. Bxc5 Qxc5 18. Qxb7 Rab8 19. Qa6 Rxd6 20. Rad1 Rxd1 21. Nxd1 h5 22. Qe2 Rd8 23. Nc3 Rd3 24. Rd1 Rxd1+ 25. Nxd1 Qd4 26. b3 Nd3 27. Qd2 Nb4 28. Qxd4 Bxd4 29. a4 Nd3 30. e5 Nc5 31. Bxc6 Nxb3 32. e6 fxe6 33. h4 Kf7 34. Kg2 Nc5 35. Kf3 Kf6 36. Ne3 g5 37. hxg5+ Kxg5 38. Ng2 e5 39. Ke2 a5 40. f3 Bg1 41. Ne1 Bd4 42. Be8 Bc3 43. Ng2 Bd4 44. Nh4 Bb2 45. Bc6 Bc3 46. Be8 Bb2 47. Bc6 Bc3 1/2-1/2

[Event "34th European Club Cup 2018"]
[Site "Halkidiki"]
[Date "2018.10.15"]
[Round "4"]
[White "Burg, Twan"]
[Black "Saraci, Nderim"]
[Result "1-0"]
[WhiteElo "2517"]
[BlackElo "2402"]
[Annotator "TA"]
[PlyCount "69"]
[EventDate "2018.10.12"]
[EventType "team-tourn"]
[EventCountry "GRE"]
[SourceTitle "playchess.com"]
[Source "ChessBase"]
[SourceQuality "1"]
[WhiteTeam "Echiquier Amaytois"]
[BlackTeam "Drejtesia"]

1. e4 c5 2. Nc3 e6 3. Nf3 a6 4. d4 cxd4 5. Nxd4 Qc7 6. Bd3 Nf6 7. Qe2 d6 8. O-O b5 9. Bd2 Bb7 10. a4 bxa4 11. Rxa4 Be7 12. f4 Nc6 13. Nxc6 Bxc6 14. Ra2 Nd7 15. Kh1 O-O 16. Rxa6 Rxa6 17. Bxa6 Bf6 18. b4 Qb6 19. Rb1 Bxc3 20. Bxc3 Bxe4 21. Qxe4 Qxa6 22. b5 Qc8 23. Qd3 Nc5 24. Qd4 f6 25. h3 Qc7 26. Bb4 Rc8 27. Rd1 d5 28. f5 Ne4 29. Be1 Qxc2 30. fxe6 Qe2 31. Qxd5 Qf1+ 32. Kh2 Qf4+ 33. Kg1 Qe3+ 34. Kh1 h5 35. e7+ 1-0

[Event "34th European Club Cup 2018"]
[Site "Halkidiki"]
[Date "2018.10.15"]
[Round "4"]
[White "Jakubiec, Artur"]
[Black "Salihu, Sami"]
[Result "1-0"]
[WhiteElo "2508"]
[BlackElo "2182"]
[Annotator "TA"]
[PlyCount "81"]
[EventDate "2018.10.12"]
[EventType "team-tourn"]
[EventCountry "GRE"]
[SourceTitle "playchess.com"]
[Source "ChessBase"]
[SourceQuality "1"]
[WhiteTeam "Wirtzfeld"]
[BlackTeam "Dardania"]

1. Nf3 d5 2. g3 Nf6 3. Bg2 c6 4. O-O Bg4 5. d3 Nbd7 6. h3 Bxf3 7. Bxf3 e5 8. Bg2 Bc5 9. Nc3 O-O 10. e4 dxe4 11. dxe4 Nb6 12. Qe2 Qe7 13. Nd1 Rad8 14. Ne3 g6 15. a3 Kg7 16. b4 Bd4 17. Rb1 Na4 18. Rb3 b5 19. c4 a6 20. c5 Rd7 21. Qc2 Ne8 22. Ng4 g5 23. h4 f6 24. hxg5 fxg5 25. Ne3 Bxe3 26. Bxe3 Nc7 27. Bh3 Rdd8 28. Bf5 h6 29. f4 Ne6 30. fxe5 Nd4 31. Bxd4 Rxd4 32. e6 g4 33. Rd3 Rxd3 34. Qxd3 Rd8 35. Qe3 Qg5 36. Qxg5+ hxg5 37. Bxg4 Rf8 38. Rd1 Kf6 39. Rd7 Re8 40. Rf7+ Ke5 41. e7 1-0

[Event "34th European Club Cup 2018"]
[Site "Halkidiki"]
[Date "2018.10.15"]
[Round "4"]
[White "Ladva, Ottomar"]
[Black "Arnaudov, G. Petar"]
[Result "1-0"]
[WhiteElo "2500"]
[BlackElo "2452"]
[Annotator "TA"]
[PlyCount "99"]
[EventDate "2018.10.12"]
[EventType "team-tourn"]
[EventCountry "GRE"]
[SourceTitle "playchess.com"]
[Source "ChessBase"]
[SourceQuality "1"]
[WhiteTeam "Reval"]
[BlackTeam "Asseco SEE"]

1. c4 e6 2. Nc3 c5 3. Nf3 Nf6 4. e3 a6 5. d4 d5 6. cxd5 exd5 7. g3 Nc6 8. Bg2 Be7 9. O-O O-O 10. dxc5 Bxc5 11. b3 d4 12. Na4 Ba7 13. exd4 Nxd4 14. Bb2 Nc6 15. Rc1 Qa5 16. Rc4 Ng4 17. h3 Nge5 18. Nxe5 Nxe5 19. Bc3 Nxc4 20. Bxa5 Nxa5 21. Qd6 Nc6 22. Rd1 Bg4 23. hxg4 Rad8 24. Bxc6 Rxd6 25. Rxd6 Bb8 26. Rd5 bxc6 27. Ra5 Rd8 28. Rxa6 Be5 29. Rxc6 h5 30. Nb6 Rd1+ 31. Kg2 hxg4 32. Nc4 Bf6 33. Ne3 Rd2 34. Rc2 Rd4 35. Kf1 Be7 36. Nf5 Rd7 37. Nxe7+ Rxe7 38. b4 Rb7 39. Rb2 Kf8 40. b5 Ke7 41. a4 Kd6 42. a5 Kc7 43. b6+ Kc6 44. Rc2+ Kb5 45. Rc7 Rb8 46. Rxf7 Kxa5 47. Rxg7 Kxb6 48. Rxg4 Kc5 49. Re4 Kd5 50. Re2 1-0

[Event "34th European Club Cup 2018"]
[Site "Halkidiki"]
[Date "2018.10.15"]
[Round "4"]
[White "Blomqvist, Erik"]
[Black "Werle, Jan"]
[Result "1/2-1/2"]
[WhiteElo "2499"]
[BlackElo "2527"]
[Annotator "TA"]
[PlyCount "80"]
[EventDate "2018.10.12"]
[EventType "team-tourn"]
[EventCountry "GRE"]
[SourceTitle "playchess.com"]
[Source "ChessBase"]
[SourceQuality "1"]
[WhiteTeam "Nordstrand"]
[BlackTeam "Bremen"]

1. Nf3 Nf6 2. g3 b6 3. Bg2 Bb7 4. O-O g6 5. c4 Bg7 6. d4 O-O 7. Re1 e6 8. Nc3 Ne4 9. Nxe4 Bxe4 10. Bg5 Qc8 11. Qd2 d6 12. Bh6 Nd7 13. Bxg7 Kxg7 14. d5 Bxf3 15. exf3 e5 16. f4 Qd8 17. Qc3 Kg8 18. fxe5 Nxe5 19. Bh3 g5 20. f4 Ng6 21. Re4 gxf4 22. gxf4 Qh4 23. Qg3 Qxg3+ 24. hxg3 Rfe8 25. Rxe8+ Rxe8 26. Kf2 a5 27. Bd7 Re7 28. Bf5 Kg7 29. Rh1 h6 30. a3 Re8 31. Bd7 Re7 32. Ba4 Nf8 33. b4 axb4 34. axb4 Nh7 35. Kf3 Nf6 36. g4 Ne4 37. Rh2 Nf6 38. Rh1 Ne4 39. Rh2 Nf6 40. Rh1 Ne4 1/2-1/2

[Event "34th European Club Cup 2018"]
[Site "Halkidiki"]
[Date "2018.10.15"]
[Round "4"]
[White "Sulypa, Oleksandr"]
[Black "Filipovic, Slobodan J"]
[Result "1-0"]
[WhiteElo "2487"]
[BlackElo "2202"]
[Annotator "TA"]
[PlyCount "47"]
[EventDate "2018.10.12"]
[EventType "team-tourn"]
[EventCountry "GRE"]
[SourceTitle "playchess.com"]
[Source "ChessBase"]
[SourceQuality "1"]
[WhiteTeam "Reykjavik"]
[BlackTeam "Bonnevoie"]

1. e4 c5 2. Nf3 Nc6 3. d4 cxd4 4. Nxd4 e5 5. Nb5 d6 6. c4 g6 7. Bd3 Be6 8. O-O Rc8 9. b3 a6 10. N5c3 Bg7 11. Nd2 Nd4 12. Ne2 Nxe2+ 13. Bxe2 Ne7 14. Nf3 Bg4 15. Ba3 Bxf3 16. Bxf3 Rc6 17. Qd3 Qc7 18. Rfd1 Nc8 19. Bg4 Bf8 20. c5 f5 21. exf5 dxc5 22. fxg6 Nd6 23. Bf3 hxg6 24. Qxg6+ 1-0

[Event "34th European Club Cup 2018"]
[Site "Halkidiki"]
[Date "2018.10.15"]
[Round "4"]
[White "Sprenger, Jan Michael"]
[Black "Paravyan, David"]
[Result "0-1"]
[WhiteElo "2486"]
[BlackElo "2629"]
[Annotator "TA"]
[PlyCount "90"]
[EventDate "2018.10.12"]
[EventType "team-tourn"]
[EventCountry "GRE"]
[SourceTitle "playchess.com"]
[Source "ChessBase"]
[SourceQuality "1"]
[WhiteTeam "Berlin"]
[BlackTeam "Molodezhka"]

1. e4 c5 2. Nf3 d6 3. d4 cxd4 4. Nxd4 Nf6 5. Nc3 a6 6. h3 e5 7. Nb3 Be7 8. Be3 h6 9. g4 Nbd7 10. Qd2 b5 11. a4 Bb7 12. Bg2 b4 13. Nd5 Nxd5 14. exd5 a5 15. c3 bxc3 16. Qxc3 Bg5 17. Bxg5 hxg5 18. O-O O-O 19. Rac1 Qb6 20. Qc7 Rfd8 21. Nd2 Rac8 22. Qxb6 Nxb6 23. Rxc8 Rxc8 24. Ne4 Bxd5 25. Nxd6 Rc2 26. Rd1 Bxg2 27. Kxg2 Rxb2 28. Nf5 Kh7 29. Rd8 e4 30. Rf8 Nd5 31. Kg3 Kg6 32. Rg8 Rb3+ 33. Kh2 Rf3 34. Kg1 e3 35. fxe3 Nxe3 36. Ne7+ Kf6 37. Nc6 Rxh3 38. Rd8 Nxg4 39. Rd6+ Kf5 40. Rd5+ Kf4 41. Rxa5 Ra3 42. Kf1 Ra2 43. Nb4 Ne3+ 44. Kg1 Rg2+ 45. Kh1 Rd2 0-1

[Event "34th European Club Cup 2018"]
[Site "Halkidiki"]
[Date "2018.10.15"]
[Round "4"]
[White "Golubov, Saveliy"]
[Black "Rudolf, Henrik"]
[Result "1-0"]
[WhiteElo "2476"]
[BlackElo "2306"]
[Annotator "TA"]
[PlyCount "105"]
[EventDate "2018.10.12"]
[EventType "team-tourn"]
[EventCountry "GRE"]
[SourceTitle "playchess.com"]
[Source "ChessBase"]
[SourceQuality "1"]
[WhiteTeam "Molodezhka"]
[BlackTeam "Berlin"]

1. d4 Nf6 2. Nf3 g6 3. c4 Bg7 4. Nc3 O-O 5. e4 d6 6. Be2 e5 7. Be3 Na6 8. d5 Nc5 9. Nd2 a5 10. a3 Ne8 11. b4 axb4 12. axb4 Rxa1 13. Qxa1 Nd7 14. g4 f5 15. gxf5 gxf5 16. exf5 Nb6 17. c5 Nd7 18. Qb1 Ndf6 19. Qd3 Kh8 20. Rg1 Qe7 21. Bd1 e4 22. Ncxe4 Bxf5 23. Bc2 Nxe4 24. Nxe4 Nf6 25. f3 Nxe4 26. fxe4 Bg6 27. Bd4 Rf4 28. Qe3 Qh4+ 29. Rg3 Bxd4 30. Qxd4+ Kg8 31. Qe3 Rf8 32. h3 Qf6 33. Kd2 Qf1 34. Kc3 b5 35. Qg1 Qc4+ 36. Kb2 Qxb4+ 37. Rb3 Qd2 38. Qd1 Qxd1 39. Bxd1 Rf2+ 40. Kc3 Bxe4 41. Rxb5 Kf8 42. c6 Bg2 43. Bg4 Bxh3 44. Bxh3 Rf3+ 45. Kb4 Rxh3 46. Rb7 Rh5 47. Kc4 Rh4+ 48. Kb5 Rd4 49. Rxc7 Rxd5+ 50. Kb6 Rd1 51. Rxh7 Rb1+ 52. Ka7 Ke8 53. Rh8+ 1-0

[Event "34th European Club Cup 2018"]
[Site "Halkidiki"]
[Date "2018.10.15"]
[Round "4"]
[White "Kosic, Dragan"]
[Black "Van der Lende, Ilias"]
[Result "1-0"]
[WhiteElo "2470"]
[BlackElo "2327"]
[Annotator "TA"]
[PlyCount "137"]
[EventDate "2018.10.12"]
[EventType "team-tourn"]
[EventCountry "GRE"]
[SourceTitle "playchess.com"]
[Source "ChessBase"]
[SourceQuality "1"]
[WhiteTeam "Sloven Ruma"]
[BlackTeam "Deloitte"]

1. d4 d5 2. Nf3 e6 3. Bf4 Nf6 4. e3 Bd6 5. Bg3 O-O 6. Nbd2 c5 7. c3 Nc6 8. Bd3 b6 9. Ne5 Bb7 10. f4 Ne7 11. Qb1 g6 12. Bf2 Nf5 13. g4 Nxe3 14. Bxe3 Bxe5 15. fxe5 Nxg4 16. Bf4 f6 17. Bxg6 fxe5 18. Bxh7+ Kh8 19. Bg3 e4 20. Nxe4 dxe4 21. Bxe4 Qg5 22. Qd3 Bxe4 23. Qxe4 cxd4 24. Qxd4+ e5 25. Qe4 Rad8 26. Rd1 Rxd1+ 27. Kxd1 Nf2+ 28. Bxf2 Rxf2 29. Qa8+ Kg7 30. Qxa7+ Rf7 31. Qa8 Qe3 32. Qd5 e4 33. Qd4+ Qxd4+ 34. cxd4 Rd7 35. Ke2 Rxd4 36. Rd1 Ra4 37. a3 Rc4 38. Ke3 Rc2 39. Rd2 Rc4 40. Rd4 Rc2 41. Rb4 Rxh2 42. Rxb6 Rh4 43. Rb4 Kf6 44. Rxe4 Rh2 45. Rb4 Ke5 46. Rb5+ Kd6 47. Kd4 Kc6 48. Rb8 Kc7 49. Rb4 Kc6 50. Kc4 Rh3 51. Rb8 Kc7 52. Rf8 Kb6 53. Rf5 Rh6 54. Rf4 Ka5 55. Rd4 Rb6 56. b4+ Ka4 57. Kc5 Rh6 58. Rd6 Rh5+ 59. Kb6 Rg5 60. Ka6 Kxa3 61. b5 Kb4 62. b6 Kc5 63. Rh6 Rg1 64. Ka7 Ra1+ 65. Kb8 Kb5 66. Kb7 Rg1 67. Rh5+ Kb4 68. Ka7 Ra1+ 69. Kb8 1-0

[Event "34th European Club Cup 2018"]
[Site "Halkidiki"]
[Date "2018.10.15"]
[Round "4"]
[White "Bokros, Albert"]
[Black "Leko, Peter"]
[Result "1/2-1/2"]
[WhiteElo "2465"]
[BlackElo "2690"]
[Annotator "TA"]
[PlyCount "65"]
[EventDate "2018.10.12"]
[EventType "team-tourn"]
[EventCountry "GRE"]
[SourceTitle "playchess.com"]
[Source "ChessBase"]
[SourceQuality "1"]
[WhiteTeam "Dunajska Streda"]
[BlackTeam "Padova"]

1. e4 c5 2. Nf3 d6 3. Bb5+ Nd7 4. d4 cxd4 5. Qxd4 a6 6. Bxd7+ Bxd7 7. Nc3 e5 8. Qd3 Rc8 9. Nd2 Be6 10. Nf1 Be7 11. Ne3 Nf6 12. O-O Qc7 13. Bd2 O-O 14. Rac1 b5 15. Rfd1 Qb7 16. b3 Rc5 17. Be1 g6 18. f3 Rfc8 19. g4 b4 20. Na4 R5c6 21. c4 bxc3 22. Rxc3 Nd7 23. Rdc1 Bg5 24. Bd2 Bf4 25. Kg2 Nf6 26. Rxc6 Rxc6 27. Rxc6 Qxc6 28. Nc3 Bxe3 29. Qxe3 Nd7 30. h3 Kg7 31. Qh6+ Kg8 32. Qe3 Kg7 33. Qh6+ 1/2-1/2

[Event "34th European Club Cup 2018"]
[Site "Halkidiki"]
[Date "2018.10.15"]
[Round "4"]
[White "Novik, Maxim"]
[Black "Koch, Thomas"]
[Result "0-1"]
[WhiteElo "2461"]
[BlackElo "2467"]
[Annotator "TA"]
[PlyCount "82"]
[EventDate "2018.10.12"]
[EventType "team-tourn"]
[EventCountry "GRE"]
[SourceTitle "playchess.com"]
[Source "ChessBase"]
[SourceQuality "1"]
[WhiteTeam "Overtime"]
[BlackTeam "Eynatten"]

1. g3 c5 2. Bg2 Nf6 3. Nf3 g6 4. c4 Nc6 5. d4 cxd4 6. Nxd4 Bg7 7. O-O O-O 8. c5 d5 9. cxd6 Nxd4 10. dxe7 Qxe7 11. Qxd4 Qxe2 12. Nc3 Qh5 13. h4 Ng4 14. Qf4 h6 15. Qf3 g5 16. Nd5 gxh4 17. gxh4 Be6 18. Bf4 Rad8 19. Rad1 Qxh4 20. Bg3 Qg5 21. Bf4 Qh5 22. Bg3 Bxb2 23. Nf4 Qf5 24. Qxb7 Bd4 25. Nxe6 fxe6 26. Be4 Bxf2+ 27. Bxf2 Qxf2+ 28. Rxf2 Rxd1+ 29. Kg2 Rxf2+ 30. Kh3 Rg1 31. Bh7+ Kh8 32. Qc8+ Kxh7 33. Qd7+ Kg6 34. Qxe6+ Nf6 35. Qa6 Rgg2 36. Qd3+ Kg7 37. Qc3 Rh2+ 38. Kg3 Rhg2+ 39. Kh3 Rxa2 40. Qd4 h5 41. Qc3 Raf2 0-1